00366nam a2200109Ia 4500008004100000100002200041245003500063260006900098300001100167650001000178856006800188160712s9999 xx 000 0 und d aYu, Marc Gregory. cMarc Gregory YuaTaking Flight c2015bLikhaan: The Journal of Contemporary Philippine Literature avol. 9 xESSAY uhttp://journals.upd.edu.ph/index.php/lik/issue/view/539/showToc